000 01902nam a2200373K 4500
001 31039
003 BD-RjUL
005 20211209051643.0
008 140413t1950 enk 001 0 eng d
035 _aMITb10485524
035 _a(OCoLC)22540583
035 _a(BD-RjUL)31126
040 _cRCD
_aDLC
_beng
_dBD-RjUL
041 1 _aeng
_hger
082 0 4 _a270
_bPAH 1950
090 _aBX955
_b.P293
099 _aBX955.P293
100 1 _aPastor, Ludwig,
_d1854-1928.
_994368
245 1 4 _aThe history of the popes :
_bfrom the close of the middle ages. Drawn from the secret archives of the Vatican and other original sources /
_cFrom the German of Dr. Ludwig Pastor. Edited by Ralph Francis Kerr
_nVolume- XI
250 _a3rd ed.
260 _aLondon :
_bRoutledge & Kegan paul,
_c1950.
300 _aV-11 (lviii, 615 p.) ;
_c23 cm
500 _aTitle varies. Vols. 7-12 read: From the German of Dr. Ludwig Pastor. Vols. 13-32 read: From the German of Ludwig, Freiherr von Pastor.
500 _aVols. 7-24: Edited by Ralph Francis Kerr. Vols. 25-32: Edited by Dom Ernst Graf.
500 _aImprint varies. Vol. 15, c.2-vol. 32: London, Routledge & Paul [1928-40] St. Louis, B. Herder Book Co., 1951-.
500 _aVols. 1-2, 5th ed. Vols. 3-6, 4th ed. Vols. 7-8, 11-12, 2d ed. Vols. 9-10, 3d ed.
500 _aCover the period, 1305-1700.
504 _aincludes index.
610 2 0 _aCatholic Church -- History.
_9114351
650 0 _aPapacy
_xHistory.
_994370
700 1 _aKerr, Ralph Francis,
_d1874-1932.
_994371
942 _2ddc
_cBK
949 _aMYGH
_v1
_aMYGH
_v2
_aMYGH
_v3
_aMYGH
_v4
_aMYGH
_v5
_aMYGH
_v6
_aMYGH
_v7
_aMYGH
_v8
_aMYGH
_v9
_aMYGH
_v10
_aMYGH
_v11
_aMYGH
_v12
_aMYGH
_v13
_aMYGH
_v14
_aMYGH
_v15
_aMYGH
_v15
_aMYGH
_v16
_aMYGH
_v17
_aMYGH
_v18
_aMYGH
_v19
_aMYGH
_v20
_aMYGH
_v21
_aMYGH
_v22
_aMYGH
_v23
_aMYGH
_v24
_aMYGH
_v25
_aMYGH
_v26
_aMYGH
_v27
_aMYGH
_v28
_aMYGH
_v29
_aMYGH
_v30
_aMYGH
_v31
_aMYGH
_v32
999 _c31039
_d31039